Allgemeinwissen - Einfach #5 - Statistiken

Allgemein
  • Dieses Quiz wurde 118.337 mal gespielt
    118.309 seit der letzten Aktualisierung
  • Das Durchschnittsergebnis liegt bei 14 aus 20
Antwortstatistiken
Frage Antwort % Korrekt
In welcher Stadt steht der Eiffelturm? Paris
100%
Wie heißt der längste Fluss in Afrika? Nil
92%
Welches ist das einzige deutsche Bundesland dessen Name mit "M" beginnt? Mecklenburg-Vorpommern
86%
In welchem Film von Steven Spielberg aus dem Jahr 1993 werden Dinosaurier zum Leben erweckt? Jurassic Park
85%
Aus welchem Land stammt Justin Bieber? Kanada
82%
Welche Wüste erstreckt sich über Nordafrika von Ägypten bis nach Marokko? Sahara
81%
Auf welchem der 7 Kontinente leben die wenigsten Menschen? Antarktika
77%
In welchem Sport war Dirk Nowitzki aktiv? Basketball
77%
Welcher Planet in unserem Sonnensystem ist am weistesten von der Sonne entfernt? (Pluto zählt nicht) Neptun
75%
Wovor hat jemand Angst der unter Arachnophobie leidet? Spinnen
75%
Welcher Märchenfigur passt der Schuh des Prinzen? Aschenputtel
70%
Bringen Sie die Buchstaben in die richtige Reihenfolge um ein Tier zu finden: FELTAEN Elefant
70%
Wie nennt man ein männliches Schaf? Bock
67%
Welches ist das größte Blechblasinstrument in einem Orchester? Tuba
65%
1 = primär, 2 = sekundär, 3 = ? Tertiär
62%
Welche Stadt gehört neben Bremen noch zum Land Bremen? Bremerhaven
59%
Wer gründete die Stadt Alexandria in Ägypten? Alexander der Große
56%
Wer war von 1871 bis 1890 erster Reichskanzler des Deutschen Reiches? Otto von Bismarck
49%
Wer sollte nach englischer Tradition etwas altes, etwas neues, etwas geliehenes und etwas blaues tragen? Braut
42%
Welchen Nachnamen trugen die Erfinder und Flugpioniere Orville und Wilbur? Wright
26%
Keine übereinstimmenden Quizze gefunden
Verteilung der Resultate
Anzahl Personen mit jedem Resultat
Perzentil nach korrekt beantworteten Fragen
Ihre Resultats-Entwicklung
Sie haben dieses Quiz seit der letzten Aktualisierung nicht gespielt